[Event "BL2 Ost 1920 (Women)"]
[Site "Germany"]
[Date "2020.02.16"]
[Round "7.4"]
[White "Mai, Iris"]
[Black "Herbrig, Marie Helen"]
[Result "1-0"]
[WhiteElo "2043"]
[BlackElo "1873"]
[PlyCount "99"]
[EventDate "2019.09.14"]
[EventType "team-tourn"]
[EventRounds "7"]
[EventCountry "GER"]
[SourceTitle "EXT 2021"]
[Source "ChessBase"]
[SourceDate "2020.10.23"]
[SourceVersion "1"]
[SourceVersionDate "2020.10.23"]
[SourceQuality "1"]
[WhiteTeam "Pankow Rotation (W)"]
[BlackTeam "Leipzig Lindenau (W)"]
[WhiteTeamCountry "GER"]
[BlackTeamCountry "GER"]

1. d4 Nf6 2. c4 e6 3. Nc3 Bb4 4. Qc2 b6 5. a3 Bxc3+ 6. Qxc3 Ne4 7. Qh3 a5 8. Qg4 Nf6 9. Qxg7 Rg8 10. Qh6 Rg6 11. Qe3 Bb7 12. f3 d6 13. Bd2 a4 14. Nh3 Qe7 15. Nf4 Rg8 16. Nd3 Nc6 17. Qf2 Ba6 18. Rc1 d5 19. Nb4 Nxb4 20. Bxb4 Qd7 21. c5 Bc4 22. cxb6 cxb6 23. e3 b5 24. Be2 Qc7 25. g4 0-0-0 26. Qg3 Qxg3+ 27. hxg3 Kd7 28. Rh3 Rg7 29. Kf2 Rc8 30. Bd1 Rh8 31. Bc2 h6 32. Rch1 Ng8 33. Bf8 Rg5 34. Bxh6 Nxh6 35. Rxh6 Rxh6 36. Rxh6 Rg8 37. Rh7 Ke7 38. Ke1 Kf6 39. Kd2 Rc8 40. g5+ Kxg5 41. Rxf7 Bb3 42. Bb1 Rh8 43. Rh7 Rc8 44. g4 Rf8 45. Rh5+ Kf6 46. f4 Rg8 47. g5+ Ke7 48. Rh7+ Kd6 49. g6 Bc4 50. Rf7 1-0

[Event "BL2 Ost 1819 (Women)"]
[Site "Germany"]
[Date "2019.01.12"]
[Round "6.5"]
[White "Stockdreher, Diana"]
[Black "Herbrig, Marie Helen"]
[Result "0-1"]
[WhiteElo "1477"]
[BlackElo "1873"]
[PlyCount "104"]
[EventDate "2018.10.27"]
[EventType "team-tourn"]
[EventRounds "7"]
[EventCountry "GER"]
[SourceTitle "CBM 190 Extra"]
[Source "ChessBase"]
[SourceDate "2019.07.15"]
[SourceVersion "1"]
[SourceVersionDate "2019.07.15"]
[SourceQuality "1"]
[WhiteTeam "Dresden USV TU (W)"]
[BlackTeam "Leipzig Lindenau (W)"]
[WhiteTeamCountry "GER"]
[BlackTeamCountry "GER"]

1. e4 c5 2. Nf3 Nc6 3. Nc3 Nf6 4. Bc4 d6 5. 0-0 e6 6. d3 Be7 7. a3 a6 8. Ne2 b5 9. Ba2 Bb7 10. Ng3 Qc7 11. Re1 0-0 12. c3 Rac8 13. Bg5 h6 14. Bd2 Rfd8 15. Qc1 Bf8 16. h3 Nd7 17. Bf4 b4 18. axb4 cxb4 19. d4 Qb6 20. Qd2 a5 21. d5 exd5 22. Bxd5 Nde5 23. Be3 Qc7 24. Rec1 bxc3 25. Rxc3 Qd7 26. Rcc1 Nxf3+ 27. gxf3 Qxh3 28. Bxc6 Bxc6 29. Rxa5 Qe6 30. Kg2 Bb7 31. Rxc8 Rxc8 32. Bd4 d5 33. e5 Qg6 34. Rb5 Ba6 35. Rb6 Rc6 36. Rxc6 Qxc6 37. Qc3 Qg6 38. f4 Qb1 39. Qf3 Bc4 40. f5 Qc2 41. Qe3 Be7 42. e6 Bd3 43. exf7+ Kxf7 44. Qe6+ Ke8 45. Qxd5 Bc4 46. Qe5 Ba6 47. Kh2 Bc8 48. Nh5 Qc6 49. Nxg7+ Kf7 50. Nh5 Bd6 51. Ng3 Bxe5 52. Bxe5 Bb7 0-1

[Event "GER-ch U25-A"]
[Site "Willingen"]
[Date "2018.05.20"]
[Round "2"]
[White "Gerlach, Felix Tobias"]
[Black "Herbrig, Marie Helen"]
[Result "1-0"]
[WhiteElo "1963"]
[BlackElo "1907"]
[PlyCount "91"]
[EventDate "2018.05.19"]
[EventType "swiss"]
[EventRounds "9"]
[EventCountry "GER"]
[SourceTitle "CBM 184 Extra"]
[Source "ChessBase"]
[SourceDate "2018.06.28"]
[SourceVersion "1"]
[SourceVersionDate "2018.06.28"]
[SourceQuality "1"]

1. b3 Nf6 2. Bb2 c5 3. e3 Nc6 4. Nf3 e6 5. c4 Be7 6. Be2 b6 7. 0-0 Bb7 8. d4 d6 9. Nc3 0-0 10. d5 exd5 11. cxd5 Nb4 12. e4 Re8 13. Re1 Bf8 14. a3 Na6 15. Bf1 Nc7 16. Qd2 Qd7 17. Rad1 b5 18. Qf4 Rab8 19. Nh4 Nh5 20. Qf3 g6 21. g4 Ng7 22. g5 Bc8 23. h3 Nh5 24. Bg2 Bg7 25. Nf5 Be5 26. Nh6+ Kf8 27. Ng4 Bg7 28. Nf6 Nxf6 29. gxf6 Bh6 30. Ne2 Bb7 31. Ng3 Kg8 32. Kh2 a5 33. Rg1 b4 34. a4 Na6 35. Bf1 Nc7 36. h4 Bc8 37. Nf5 Bf8 38. Bh3 Qd8 39. Rg3 Na6 40. Rdg1 Qc7 41. h5 c4 42. hxg6 fxg6 43. Rxg6+ hxg6 44. Rxg6+ Kf7 45. Qh5 Re5 46. Rg7+ 1-0

[Event "GER-ch U18 Girls"]
[Site "Willingen"]
[Date "2015.05.29"]
[Round "8"]
[White "Herbrig, Marie Helen"]
[Black "Poetsch, Leonore"]
[Result "0-1"]
[WhiteElo "1778"]
[BlackElo "1735"]
[PlyCount "126"]
[EventDate "2015.05.24"]
[EventType "swiss"]
[EventRounds "9"]
[EventCountry "GER"]
[SourceTitle "CBM 166 Extra"]
[Source "ChessBase"]
[SourceDate "2015.06.18"]
[SourceVersion "1"]
[SourceVersionDate "2015.06.18"]
[SourceQuality "1"]

1. d4 e6 2. Nf3 b6 3. c4 Nf6 4. Nc3 Bb4 5. Bg5 Bb7 6. Qb3 Bxc3+ 7. Qxc3 0-0 8. e3 d5 9. c5 c6 10. Bd3 Nbd7 11. b4 a5 12. Ne5 Qc7 13. Bf4 axb4 14. Qxb4 bxc5 15. Nxd7 Qxd7 16. Qxc5 Ba6 17. Qc2 Rfc8 18. 0-0 Bxd3 19. Qxd3 c5 20. dxc5 Rxc5 21. Be5 Ne4 22. Rfd1 Qc6 23. Qe2 Rc2 24. Qg4 f6 25. Bg3 Nc3 26. Re1 Ra4 27. Qf3 Raxa2 28. Rxa2 Rxa2 29. h4 Qa4 30. Kh2 Qe4 31. Qh5 Qg6 32. Qf3 Ne4 33. Rc1 h5 34. Qf4 e5 35. Qf3 Rd2 36. Ra1 Nxg3 37. fxg3 Kh7 38. Ra5 Qg4 39. Qf1 Qe4 40. Ra3 Kh6 41. Rc3 Rc2 42. Ra3 Qc4 43. Qf3 Ra2 44. Rxa2 Qxa2 45. Qf5 Qe2 46. Qc8 Qxe3 47. Qh8+ Kg6 48. Qe8+ Kh7 49. Qxh5+ Qh6 50. Qf5+ Qg6 51. Qe6 d4 52. Qd7 d3 53. Qd5 e4 54. Qd4 f5 55. Qe3 Qh6 56. Qf2 e3 57. Qxf5+ Qg6 58. Qe5 e2 59. Qe3 Qf5 60. Qd2 Qe4 61. Qe1 d2 62. Qxd2 e1Q 63. Qg5 Q1e2 0-1

[Event "GER-ch U18 Girls"]
[Site "Willingen"]
[Date "2015.05.28"]
[Round "7"]
[White "Siegl, Melina"]
[Black "Herbrig, Marie Helen"]
[Result "0-1"]
[WhiteElo "2014"]
[BlackElo "1778"]
[PlyCount "112"]
[EventDate "2015.05.24"]
[EventType "swiss"]
[EventRounds "9"]
[EventCountry "GER"]
[SourceTitle "CBM 166 Extra"]
[Source "ChessBase"]
[SourceDate "2015.06.18"]
[SourceVersion "1"]
[SourceVersionDate "2015.06.18"]
[SourceQuality "1"]

1. d4 Nf6 2. Nf3 e6 3. e3 b6 4. Bd3 Bb7 5. 0-0 c5 6. c4 Be7 7. Nc3 0-0 8. d5 exd5 9. cxd5 d6 10. e4 Nbd7 11. h3 Re8 12. Bf4 Bf8 13. Re1 a6 14. a4 Qc7 15. b3 g6 16. Qd2 Bg7 17. Rac1 Rac8 18. Bh6 Bh8 19. Ng5 Ne5 20. Bf1 Qe7 21. Re3 Nh5 22. g4 Bf6 23. Nf3 Bg7 24. Bxg7 Nxg7 25. Nxe5 Qxe5 26. Bc4 h5 27. Rg3 Qe7 28. Kg2 Kh7 29. Rf3 Rb8 30. Qf4 Rf8 31. g5 Bc8 32. Qe3 Qd7 33. Qe2 Ra8 34. Rg3 Qe7 35. f4 h4 36. Re3 Nh5 37. Qf2 Ng3 38. Qf3 Qd7 39. Qg4 Qxg4 40. hxg4 Bxg4 41. Ne2 Nh5 42. Rf1 Rfe8 43. e5 Re7 44. Kf2 Bxe2 45. Bxe2 Nxf4 46. Rh1 h3 47. Bg4 Rxe5 48. Rf3 Re4 49. Bxh3 Kg7 50. Bf1 b5 51. a5 Rh8 52. Rg1 Nxd5 53. Rd3 Re5 54. Rg4 Rh2+ 55. Kg3 Rh5 56. Bg2 Ne3 0-1

[Event "GER-ch U18 Girls"]
[Site "Willingen"]
[Date "2015.05.25"]
[Round "3"]
[White "Herbrig, Marie Helen"]
[Black "Heinemann, Josefine"]
[Result "0-1"]
[WhiteElo "1778"]
[BlackElo "2240"]
[PlyCount "84"]
[EventDate "2015.05.24"]
[EventType "swiss"]
[EventRounds "9"]
[EventCountry "GER"]
[SourceTitle "CBM 166 Extra"]
[Source "ChessBase"]
[SourceDate "2015.06.18"]
[SourceVersion "1"]
[SourceVersionDate "2015.06.18"]
[SourceQuality "1"]

1. d4 Nf6 2. c4 g6 3. Nc3 d5 4. cxd5 Nxd5 5. e4 Nxc3 6. bxc3 Bg7 7. Bc4 c5 8. Ne2 Nc6 9. Be3 0-0 10. 0-0 Qc7 11. Rc1 Rd8 12. Bf4 Qd7 13. d5 Na5 14. Bd3 b5 15. Be3 Nb7 16. Rb1 a6 17. a4 c4 18. Bc2 Nd6 19. Nd4 Bb7 20. Qe1 e5 21. Ne2 f6 22. f3 Bf8 23. Qf2 bxa4 24. Ra1 a3 25. Bc5 Nb5 26. Ba4 Qf7 27. Rfb1 Bc8 28. Bxb5 axb5 29. Rxb5 Bd7 30. Rb4 Rdc8 31. Bxf8 Qxf8 32. Nc1 f5 33. Na2 fxe4 34. Rb7 Qe7 35. fxe4 Rf8 36. Qe3 Rf7 37. Nb4 Raf8 38. h3 Qh4 39. Rxa3 Rf1+ 40. Kh2 Bxh3 41. Qxh3 Qf4+ 42. Qg3 Qc1 0-1

[Event "GER-chT U16"]
[Site "Lingen"]
[Date "2013.12.30"]
[Round "7.2"]
[White "Herbrig, Marie Helen"]
[Black "Nothnagel, Marian Can"]
[Result "1/2-1/2"]
[WhiteElo "1682"]
[BlackElo "1913"]
[PlyCount "107"]
[EventDate "2013.12.27"]
[EventType "team-swiss"]
[EventRounds "7"]
[EventCountry "GER"]
[SourceTitle "EXT 2015"]
[Source "ChessBase"]
[SourceDate "2014.11.20"]
[SourceVersion "1"]
[SourceVersionDate "2014.11.20"]
[SourceQuality "1"]
[WhiteTeam "Bautzen Einheit"]
[BlackTeam "Darmstadt"]
[WhiteTeamCountry "GER"]
[BlackTeamCountry "GER"]

1. d4 Nf6 2. c4 g6 3. Nc3 Bg7 4. e4 d6 5. Be3 0-0 6. f3 c5 7. Nge2 Nbd7 8. g4 h5 9. h3 a6 10. Qd2 Re8 11. Bf2 cxd4 12. Nxd4 Nc5 13. Rd1 Ne6 14. Nde2 b5 15. cxb5 axb5 16. a3 Rb8 17. Na2 Bb7 18. Nec3 Bc6 19. Nb4 Qd7 20. Be2 Rec8 21. e5 dxe5 22. Qxd7 Bxd7 23. Bg3 Rb7 24. Bxe5 Nc5 25. Bd4 Nb3 26. Be5 Na5 27. Ncd5 Nxd5 28. Bxg7 Kxg7 29. Nxd5 hxg4 30. hxg4 Be6 31. Nb4 Bc4 32. Rc1 Rd8 33. Bd1 Rb6 34. Rh2 Re6+ 35. Be2 Nb3 36. Rxc4 bxc4 37. Kf1 Rd2 38. Rg2 Rxb2 39. Bxc4 Nd2+ 40. Rxd2 Rxd2 41. Bxe6 fxe6 42. g5 Kf7 43. Nc6 Rd5 44. f4 Rd2 45. a4 Rc2 46. Ne5+ Kg7 47. a5 Ra2 48. a6 Rxa6 49. Kf2 Ra3 50. Nc6 e5 51. Nxe5 Ra6 52. Kf3 Kf8 53. Ke4 Ke8 54. Kd4 1/2-1/2

[Event "GER-chT U16"]
[Site "Lingen"]
[Date "2013.12.28"]
[Round "4.2"]
[White "Herbrig, Marie Helen"]
[Black "Romes, Max"]
[Result "0-1"]
[WhiteElo "1682"]
[BlackElo "1899"]
[PlyCount "88"]
[EventDate "2013.12.27"]
[EventType "team-swiss"]
[EventRounds "7"]
[EventCountry "GER"]
[SourceTitle "EXT 2015"]
[Source "ChessBase"]
[SourceDate "2014.11.20"]
[SourceVersion "1"]
[SourceVersionDate "2014.11.20"]
[SourceQuality "1"]
[WhiteTeam "Bautzen Einheit"]
[BlackTeam "Sontheim/Brenz"]
[WhiteTeamCountry "GER"]
[BlackTeamCountry "GER"]

1. e4 c6 2. d4 d5 3. Nc3 dxe4 4. Nxe4 Nf6 5. Nxf6+ gxf6 6. Nf3 Bf5 7. Bf4 e6 8. Bd3 Bg6 9. h4 Qd5 10. Qe2 Nd7 11. g4 0-0-0 12. a3 Nb6 13. Rh3 Bd6 14. Bd2 e5 15. Bxg6 hxg6 16. dxe5 Rhe8 17. Be3 Bxe5 18. Nxe5 Qxe5 19. c3 Nd5 20. Qc2 Qf4 21. Qe2 Qe5 22. Qc2 Nf4 23. Rf3 Qd5 24. Rxf4 Qh1+ 25. Ke2 Qxa1 26. Rxf6 Rd7 27. h5 gxh5 28. gxh5 Qh1 29. h6 Qh5+ 30. Ke1 Rg8 31. Bd4 Re8+ 32. Be3 Qg5 33. Rf3 Qxh6 34. Kf1 Qh5 35. Ke2 Qg4 36. b3 Rd5 37. c4 Rde5 38. Qd3 f5 39. Qd1 f4 40. Kf1 fxe3 41. fxe3 Rxe3 42. Kf2 Qxf3+ 43. Qxf3 Rxf3+ 44. Kxf3 Kc7 0-1

[Event "GER-ch U16 Girls"]
[Site "Oberhof"]
[Date "2012.05.27"]
[Round "2"]
[White "Tobianski, Karina"]
[Black "Herbrig, Marie Helen"]
[Result "0-1"]
[WhiteElo "1341"]
[BlackElo "1646"]
[PlyCount "94"]
[EventDate "2012.05.27"]
[EventType "swiss"]
[EventRounds "9"]
[EventCountry "GER"]
[SourceTitle "CBM 148 Extra"]
[Source "ChessBase"]
[SourceDate "2012.06.22"]
[SourceVersion "1"]
[SourceVersionDate "2012.06.22"]
[SourceQuality "1"]

1. e4 c5 2. c3 d5 3. exd5 Qxd5 4. d4 Nf6 5. Nf3 Nc6 6. Be2 e6 7. Be3 cxd4 8. cxd4 Be7 9. 0-0 0-0 10. Nc3 Qd6 11. Qd2 Nd5 12. Nxd5 Qxd5 13. a3 b6 14. Rac1 Na5 15. Rc3 Bb7 16. Qc2 Bd6 17. Ne1 Rac8 18. Bf3 Rxc3 19. bxc3 Qb5 20. a4 Qd7 21. Bxb7 Qxb7 22. Nf3 h6 23. Rc1 Rc8 24. Qd1 Qd5 25. Bd2 Nc4 26. h3 Qc6 27. Qb3 a6 28. Be3 b5 29. axb5 axb5 30. Nd2 Nb6 31. Rb1 Qxc3 32. Qxc3 Rxc3 33. Rxb5 Nd5 34. Ne4 Rc6 35. Nxd6 Rxd6 36. Rb8+ Kh7 37. Rb7 Kg6 38. Rb1 Rc6 39. Re1 Rc3 40. Kf1 h5 41. Kg1 Kf5 42. Kf1 g5 43. Kg1 h4 44. Kh2 Nxe3 45. Rxe3 Rxe3 46. fxe3 Ke4 47. g3 Kf3 0-1

[Event "Sachsen-ch U16 Girls"]
[Site "Sebnitz"]
[Date "2012.04.14"]
[Round "6"]
[White "Hartewig, Anja"]
[Black "Herbrig, Marie Helen"]
[Result "1/2-1/2"]
[WhiteElo "1531"]
[BlackElo "1405"]
[PlyCount "107"]
[EventDate "2012.04.10"]
[EventType "swiss"]
[EventRounds "6"]
[EventCountry "GER"]
[SourceTitle "CBM 148 Extra"]
[Source "ChessBase"]
[SourceDate "2012.06.22"]
[SourceVersion "1"]
[SourceVersionDate "2012.06.22"]
[SourceQuality "1"]

1. d4 Nf6 2. c4 e6 3. g3 Bb4+ 4. Bd2 Qe7 5. Bg2 0-0 6. a3 Bxd2+ 7. Nxd2 a5 8. Ngf3 d5 9. 0-0 Nc6 10. Qc2 Rd8 11. Rad1 Bd7 12. Rfe1 Rac8 13. e4 dxe4 14. Nxe4 Nxe4 15. Qxe4 Qf6 16. Ne5 Be8 17. Ng4 Qg6 18. Qxg6 hxg6 19. d5 exd5 20. Bxd5 a4 21. Ne5 Nxe5 22. Rxe5 c6 23. Bf3 Rxd1+ 24. Bxd1 b5 25. Rc5 Rd8 26. Bf3 Rd2 27. Bxc6 Bxc6 28. Rxc6 Rxb2 29. cxb5 Rxb5 30. Ra6 Kf8 31. Rxa4 Rb1+ 32. Kg2 Ke7 33. Ra7+ Ke6 34. a4 Ra1 35. a5 Ra3 36. a6 g5 37. Kh3 Kf6 38. Kg4 Kg6 39. f4 f5+ 40. Kh3 gxf4 41. Kg2 f3+ 42. Kf2 Kf6 43. h4 Kg6 44. Ra8 Kh5 45. Rg8 g6 46. a7 Rxa7 47. Kxf3 Kh6 48. Kf4 Re7 49. Kf3 Re4 50. Rf8 Kg7 51. Rc8 Re7 52. Kf4 Re4+ 53. Kf3 Re7 54. Kf4 1/2-1/2

[Event "Sachsen-ch U14 Girls"]
[Site "Sebnitz"]
[Date "2011.04.29"]
[Round "6"]
[White "Herbrig, Marie Helen"]
[Black "Muenzner, Jasmin"]
[Result "1-0"]
[WhiteElo "1661"]
[BlackElo "1037"]
[PlyCount "75"]
[EventDate "2011.04.26"]
[EventType "swiss"]
[EventRounds "7"]
[EventCountry "GER"]
[SourceTitle "EXT 2012"]
[Source "ChessBase"]
[SourceDate "2011.11.24"]
[SourceVersion "1"]
[SourceVersionDate "2011.11.24"]
[SourceQuality "1"]

1. e4 c5 2. Nf3 e6 3. d4 cxd4 4. Nxd4 a6 5. Nc3 b5 6. a3 Bb7 7. Bd3 Qc7 8. 0-0 Bc5 9. Be3 Ne7 10. Kh1 Nbc6 11. Nxe6 dxe6 12. Bxc5 Ne5 13. Be3 0-0 14. f4 N5c6 15. f5 exf5 16. exf5 f6 17. Qh5 Ne5 18. Be2 Qc6 19. Qh3 Nd5 20. Nxd5 Qxd5 21. b3 Rfe8 22. Bf4 Nf7 23. Bf3 Qd7 24. Rad1 Qc8 25. Bh5 Re7 26. Rc1 Qc6 27. c4 Rd8 28. Bf3 Qb6 29. c5 Ng5 30. Bxg5 Qc7 31. Bh4 Bxf3 32. Qxf3 Rde8 33. Qg4 g5 34. fxg6 Rg7 35. gxh7+ Kxh7 36. Qh5+ Kg8 37. Qxe8+ Kh7 38. Rfe1 1-0